000 00368 a2200157 4500
001 71615
020 _a
040 _cAnchieta - Colégio São Paulo
100 _aGouveia, Luis Augusto
240 1 0 _aTem dias que a gente se sente
_lpor
245 1 0 _aTem dias que a gente se sente
300 _a20
362 0 _a2003
650 4 _aLiteratura infantil
942 _cBK
999 _c71615
_d71615